00620 2200241 4500001002100000005001500021035002000036007000300056008004100059020002200100082001100122084001700133100001900150245005600169250001000225260003100235300004600266700002400312520000600336600001900342856000600361990001100367INLIS00000000000123620220408104506 a0010-0422000810ta220408 g 0 ind  a978-602-98954-3-8 a633.84 a633.84 TJA m0 aTjahjaningtyas1 aManggis :bRatu buah Kaya Manfaat /cTjahjaningtyas aCet.1 aSurabaya :bStomata,c2011 axii, 120 hlm. :bilus. ;c13,5 x 19 cme-0 aeditor, Sandiantoro a- 4aTjahjaningtyas a- a200114